The write stuff: (Record no. 4496)

000 -LEADER
fixed length control field 00759nam a22002177a 4500
003 - CONTROL NUMBER IDENTIFIER
control field OSt
005 - DATE AND TIME OF LATEST TRANSACTION
control field 20220323130047.0
008 - FIXED-LENGTH DATA ELEMENTS--GENERAL INFORMATION
fixed length control field 220323b ||||| |||| 00| 0 eng d
020 ## - INTERNATIONAL STANDARD BOOK NUMBER
International Standard Book Number 9781256405856
040 ## - CATALOGING SOURCE
Transcribing agency ALUPE UNIVERSITY
050 ## - LIBRARY OF CONGRESS CALL NUMBER
Classification number LB2369
Item number .S55 2012
100 ## - MAIN ENTRY--PERSONAL NAME
Personal name Marcie Sims;
245 ## - TITLE STATEMENT
Title The write stuff:
Remainder of title thinking through essays
260 ## - PUBLICATION, DISTRIBUTION, ETC.
Place of publication, distribution, etc. Upper Saddle, NJ :
Name of publisher, distributor, etc. Pears on,
Date of publication, distribution, etc. 2012.
300 ## - PHYSICAL DESCRIPTION
Extent xxix, 793 pages :
Other physical details illustrations ;
Size of unit 23 cm
504 ## - BIBLIOGRAPHY, ETC. NOTE
Bibliography, etc. note Includes index.
650 ## - SUBJECT ADDED ENTRY--TOPICAL TERM
Topical term or geographic name entry element English language -- Rhetoric -- Study and teaching (Higher) English language -- Paragraphs -- Study and teaching (Higher) Critical thinking -- Study and teaching (Higher
700 ## - ADDED ENTRY--PERSONAL NAME
Personal name Wendy Chan;
700 ## - ADDED ENTRY--PERSONAL NAME
Personal name Prita Sethuram
942 ## - ADDED ENTRY ELEMENTS (KOHA)
Source of classification or shelving scheme
Koha item type Book
Suppress in OPAC MM
Holdings
Withdrawn status Lost status Source of classification or shelving scheme Damaged status Not for loan Permanent Location Current Location Shelving location Date acquired Source of acquisition Total Checkouts Full call number Barcode Date last seen Price effective from Koha item type Public note
          AU LIBRARY AU LIBRARY Open Shelf 23.03.2022 DONATION FROM MOI UNIVERSITY   LB2369 .S55 2012 28000681 23.03.2022 23.03.2022 Book MM

Powered by Koha